Elite agraria y producción en la revolución nicaragüense /

Salvato in:
Dettagli Bibliografici
Autore principale: Colburn, Forrest
Enti autori: Universidad Internacional de Flotrida, Instituto Centroamericano de Adminsitración de Empresas
Altri autori: Franco, Silvio de
Natura: testo
Pubblicazione: Managua: INCAE
Tags: Aggiungi Tag
Nessun Tag, puoi essere il primo ad aggiungerne!!

MARC

LEADER 00000 a a2200000 04500
001 21660
003
040
090 |a 096500  
100 |a Colburn, Forrest  
110 |a Universidad Internacional de Flotrida  
245 |a Elite agraria y producción en la revolución nicaragüense /  |c Universidad Internacional de Flotrida  
260 |a Managua:   |b INCAE  
300 |a 30 p.  
700 |a Franco, Silvio de  
710 |a Instituto Centroamericano de Adminsitración de Empresas  
999 |c 12139  |d 12139